BIBLIOTECA

SENCICO

El abc de la Bauhaus y la teoría del diseño / (Registro nro. 5056)

Detalles MARC
000 -LEADER
fixed length control field 01565nam a22003017a 4500
003 - CONTROL NUMBER IDENTIFIER
control field PE SENCICO BE
005 - DATE AND TIME OF LATEST TRANSACTION
control field 20251020182710.0
008 - FIXED-LENGTH DATA ELEMENTS--GENERAL INFORMATION
fixed length control field 250114b |||||||| |||| 00| 0 eng d
020 ## - INTERNATIONAL STANDARD BOOK NUMBER
International Standard Book Number 84-252-1639-7
040 ## - CATALOGING SOURCE
Original cataloging agency PE SENCICO BE
Transcribing agency PE SENCICO BE
041 ## - LANGUAGE CODE
Language code of text/sound track or separate title spa
082 ## - DEWEY DECIMAL CLASSIFICATION NUMBER
Classification number 745.4
Item number L96
100 1# - MAIN ENTRY--PERSONAL NAME
9 (RLIN) 2824
Personal name Lupton, Ellen
Relator term editor
245 1# - TITLE STATEMENT
Title El abc de la Bauhaus y la teoría del diseño /
Statement of responsibility, etc. editores: Ellen Lupton, J. Abbott Miller
250 ## - EDITION STATEMENT
Edition statement [1a ed.]
260 ## - PUBLICATION, DISTRIBUTION, ETC.
Place of publication, distribution, etc. Barcelona :
Name of publisher, distributor, etc. Gustavo Gili ;
Date of publication, distribution, etc. 1994
300 ## - PHYSICAL DESCRIPTION
Extent 63 p. :
Other physical details il. ;
Dimensions 27 cm.
505 0# - FORMATTED CONTENTS NOTE
Formatted contents note El ABC de: La Bauhaus y la teoría del diseño -- Escuela elemental -- Diccionario visual -- El nacimiento de Weimar -- El tipo universal de Herbert Bayer en su contexto histórico -- Apéndice: el género del alfabeto universal -- Un test psicológico -- y respecto a: psicoanálisis y geometría -- Diseño en n dimensiones -- Mas allá de: geometría fractal
520 3# - SUMMARY, ETC.
Summary, etc. Analiza los orígenes y el impacto de la Bauhaus en relación con el diseño gráfico y la tipografía. Mientras en texto es una incitante búsqueda de los objetivos y los logros de la Bauhaus, el libro en si mismo es un manifiesto de sus ideales, en una síntesis de concepción editorial, tipografía y artesanía.
650 10 - SUBJECT ADDED ENTRY--TOPICAL TERM
9 (RLIN) 965
Topical term or geographic name entry element Diseño
650 20 - SUBJECT ADDED ENTRY--TOPICAL TERM
9 (RLIN) 1793
Topical term or geographic name entry element Color en el diseño
650 20 - SUBJECT ADDED ENTRY--TOPICAL TERM
9 (RLIN) 967
Topical term or geographic name entry element Comunicación en diseño
650 20 - SUBJECT ADDED ENTRY--TOPICAL TERM
9 (RLIN) 2617
Topical term or geographic name entry element Diseño de la imagen
650 20 - SUBJECT ADDED ENTRY--TOPICAL TERM
9 (RLIN) 196
Topical term or geographic name entry element Diseño gráfico
700 1# - ADDED ENTRY--PERSONAL NAME
9 (RLIN) 2825
Personal name Miller, J. Abbott
Relator term editor
910 ## - USER-OPTION DATA (OCLC)
User-option data hfp
-- hfp
-- hfp
942 ## - ADDED ENTRY ELEMENTS (KOHA)
Source of classification or shelving scheme Dewey Decimal Classification
Koha item type Libros
Existencias
Fecha de la última vez que lo usaron Pago total Signatura topográfica completa Código de barras Precio efectivo desde Tipo de documento Estado perdido Sistema de clasificación Estado dañado No es para préstamo Retirado Ubicación permanente Ubicación actual Fecha de adquisición Fuente de adquisición
14/01/2025   745.4/L96 BibLima25010023 14/01/2025 Libros   Dewey Decimal Classification       Biblioteca Central Lima Biblioteca Central Lima 18/11/2024 Comprado de la librería Megabook